Derecho penal: parte general
Gespeichert in:
| 1. Verfasser: | |
|---|---|
| Format: | Buch |
| Sprache: | Spanisch |
| Veröffentlicht: |
Santiago, Chile:
Universidad Católica de Chile,
2005
|
| Ausgabe: | Octava edición ampliada |
| Schriftenreihe: | Lecciones
|
| Schlagworte: | |
| Tags: |
Tag hinzufügen
Keine Tags, Fügen Sie den ersten Tag hinzu!
|
MARC
| LEADER | 00000cam a2200000 a 4500 | ||
|---|---|---|---|
| 001 | UCI8971 | ||
| 003 | CL-VaPUC | ||
| 005 | 20250507115653.0 | ||
| 008 | 081016e20050000CL |||||||||||||||||spa|d | ||
| 999 | |c 331691 |d 331689 | ||
| 020 | |a 9561408082 | ||
| 040 | |c Pontificia Universidad Católica de Valparaíso | ||
| 082 | 0 | 4 | |a 345.83 CUR 2005 |2 21 |
| 100 | 1 | |a Cury Urzúa, Enrique |e autor |9 856520 | |
| 245 | 1 | 0 | |a Derecho penal: parte general |
| 250 | |a Octava edición ampliada | ||
| 260 | |a Santiago, Chile: |b Universidad Católica de Chile, |c 2005 | ||
| 300 | |a 812 páginas | ||
| 490 | 0 | |a Lecciones | |
| 583 | |a last modification |c 20130103 12:03:17 |k Rodrigo Vera | ||
| 650 | 1 | |a Derecho penal chileno |9 902668 | |
| 942 | |c BK |2 ddc | ||
| 945 | |d 20081016 00:00:00 |a rbrito | ||
| 952 | |0 0 |1 0 |4 0 |6 345_830000000000000_CUR_2005 |7 0 |8 A |9 418708 |a BIBDER |b BIBDER |d 2019-11-22 |i 4488873 |l 7 |m 1 |o 345.83 CUR 2005 |p 4488873 |r 2024-06-07 |s 2024-06-07 |w 2019-11-22 |y BK |k DER | ||
| 952 | |0 0 |1 0 |4 0 |6 345_830000000000000_CUR_2005 |7 0 |8 A |9 418709 |a BIBDER |b BIBDER |d 2019-11-22 |i 4508696 |l 4 |o 345.83 CUR 2005 |p 4508696 |r 2023-11-15 |s 2023-11-15 |w 2019-11-22 |y BK |k DER | ||
| 952 | |0 0 |1 0 |4 0 |6 345_830000000000000_CUR_2005 |7 0 |8 A |9 418710 |a BIBDER |b BIBDER |d 2019-11-22 |i 4247078 |l 2 |o 345.83 CUR 2005 |p 4247078 |r 2023-11-16 |s 2023-11-16 |w 2019-11-22 |y BK |k DER | ||
| 952 | |0 0 |1 0 |4 0 |6 345_830000000000000_CUR_2005 |7 0 |8 A |9 418711 |a BIBDER |b BIBDER |d 2019-11-22 |i 4288785 |l 3 |m 1 |o 345.83 CUR 2005 |p 4288785 |r 2023-10-10 |s 2023-10-10 |w 2019-11-22 |y BK |k DER | ||
| 952 | |0 0 |1 0 |4 0 |6 345_830000000000000_CUR_2005 |7 0 |8 A |9 418712 |a BIBDER |b BIBDER |d 2019-11-22 |i 438623K |l 5 |m 2 |o 345.83 CUR 2005 |p 438623K |q 2025-05-13 |r 2025-04-30 |s 2025-04-30 |w 2019-11-22 |y BK |k DER | ||
| 952 | |0 0 |1 0 |4 0 |6 345_830000000000000_CUR_2005 |7 0 |8 A |9 418713 |a BIBDER |b BIBDER |d 2019-11-22 |i 4386248 |l 9 |o 345.83 CUR 2005 |p 4386248 |r 2025-03-28 |s 2025-03-28 |w 2019-11-22 |y BK |k DER | ||